Art of computer programming : (Record no. 190824)
[ view plain ]
| 000 -LEADER | |
|---|---|
| fixed length control field | 00639nam a2200217Ia 4500 |
| 005 - DATE AND TIME OF LATEST TRANSACTION | |
| control field | 20220617102313.0 |
| 008 - FIXED-LENGTH DATA ELEMENTS--GENERAL INFORMATION | |
| fixed length control field | 210716s2008 xx 000 0 und d |
| 020 ## - INTERNATIONAL STANDARD BOOK NUMBER | |
| International Standard Book Number | 9788177583359 |
| 040 ## - CATALOGING SOURCE | |
| Transcribing agency | AIMIT LIBRARY |
| 041 ## - LANGUAGE CODE | |
| Language code of text/sound track or separate title | eng |
| 082 ## - DEWEY DECIMAL CLASSIFICATION NUMBER | |
| Classification number | 005.73 |
| Edition number | 3 |
| Item number | KNUD |
| 100 ## - MAIN ENTRY--PERSONAL NAME | |
| Personal name | Knuth, Donald E. |
| 9 (RLIN) | 43571 |
| 245 ## - TITLE STATEMENT | |
| Title | Art of computer programming : |
| Remainder of title | seminumerical algorithms / |
| Statement of responsibility, etc. | By Donald E. Knuth. |
| 250 ## - EDITION STATEMENT | |
| Edition statement | 3rd ed. |
| 260 ## - PUBLICATION, DISTRIBUTION, ETC. | |
| Place of publication, distribution, etc. | New Delhi : |
| Name of publisher, distributor, etc. | Pearson Education , |
| Date of publication, distribution, etc. | 2008 . |
| 300 ## - PHYSICAL DESCRIPTION | |
| Extent | xiii, 762p. ; |
| Dimensions | 24 cm. |
| 440 ## - SERIES STATEMENT/ADDED ENTRY--TITLE | |
| Volume/sequential designation | 2 |
| 650 ## - SUBJECT ADDED ENTRY--TOPICAL TERM | |
| Topical term or geographic name entry element | Arithmetic |
| 9 (RLIN) | 43572 |
| 650 ## - SUBJECT ADDED ENTRY--TOPICAL TERM | |
| Topical term or geographic name entry element | Random numbers |
| 9 (RLIN) | 43573 |
| 942 ## - ADDED ENTRY ELEMENTS (KOHA) | |
| Source of classification or shelving scheme | Dewey Decimal Classification |
| Koha item type | Book |
| Edition | 3rd |
| Call number prefix | 005.73 KNUD |
| Withdrawn status | Lost status | Source of classification or shelving scheme | Damaged status | Not for loan | Collection code | Home library | Current library | Source of acquisition | Cost, normal purchase price | Inventory number | Total Checkouts | Full call number | Barcode | Date last seen | Cost, replacement price | Price effective from | Koha item type |
|---|---|---|---|---|---|---|---|---|---|---|---|---|---|---|---|---|---|
| Dewey Decimal Classification | MCA | St Aloysius Institute of Management & Information Technology | St Aloysius Institute of Management & Information Technology | Premier Bookshop | 360.00 | Bn:309/fab/2005;Bd:2005-02-11 | 005.73 KNUD | MCA06453 | 05/23/2026 | 288.00 | 07/16/2021 | Book | |||||
| Dewey Decimal Classification | MCA | St Aloysius Institute of Management & Information Technology | St Aloysius Institute of Management & Information Technology | Higginbothams Pvt Ltd | 525.00 | Bill no:743; Bill dt:2010-09-17 | 005.73 KNUD | MCA10332 | 05/23/2026 | 393.75 | 07/16/2021 | Book | |||||
| Dewey Decimal Classification | MCA | St Aloysius Institute of Management & Information Technology | St Aloysius Institute of Management & Information Technology | Higginbothams Pvt Ltd | 525.00 | Bill no:743; Bill dt:2010-09-17 | 005.73 KNUD | MCA10333 | 05/23/2026 | 393.75 | 07/16/2021 | Book |